[Event "SC Rochade Emsdetten 1 - SK Münster 2"]
[Site "Regionalliga Münsterland 2018"]
[Date "2018.11.10"]
[Round "3.7"]
[White "Meyer, Ulrich"]
[Black "Teschler, Ansgar"]
[Result "1/2-1/2"]
[WhiteElo "1944"]
[BlackElo "1780"]
[PlyCount "125"]
[EventDate "2018.??.??"]
[SourceDate "2018.09.09"]

1. e4 c5 2. Nc3 Nc6 3. g3 g6 4. Bg2 Bg7 5. d3 d6 6. Be3 Nf6 7. h3 O-O 8. Nge2
Rb8 9. Qd2 b5 10. O-O b4 11. Nd1 Ne8 12. f4 e6 13. g4 Nd4 14. Ng3 f5 15. c3
bxc3 16. bxc3 Nb5 17. a4 Nbc7 18. g5 Ba6 19. Re1 Rb3 20. Ne2 Qb8 21. Nc1 Rb6
22. exf5 gxf5 23. d4 cxd4 24. Bxd4 Bxd4+ 25. Qxd4 Bb7 26. Ne3 Bxg2 27. Kxg2
Qb7+ 28. Kg3 e5 29. Qc4+ d5 30. Qf1 Ne6 31. Nd3 d4 32. Nc4 e4 33. Nxb6 Qxb6 34.
Ne5 Qb3 35. Qc4 Qxc4 36. Nxc4 d3 37. Rab1 N8g7 38. Rb7 Rc8 39. Ne5 d2 40. Rd1
Rxc3+ 41. Kh2 e3 42. Rb8+ Nf8 43. Nf3 Nh5 44. Nxd2 exd2 45. Rxd2 Nxf4 46. Rdd8
Rxh3+ 47. Kg1 N4e6 48. Rd6 Kf7 49. Rb7+ Kg6 50. a5 Kxg5 51. a6 Nc5 52. Rxa7 Ng6
53. Rc7 Nxa6 54. Rxa6 Kg4 55. Raa7 Rg3+ 56. Kf2 Rf3+ 57. Ke2 Nf4+ 58. Ke1 h5
59. Rg7+ Kh3 60. Ra5 Ng2+ 61. Ke2 Rf4 62. Rg5 Re4+ 63. Kf2 1/2-1/2

[Event "SC Rochade Emsdetten 1 - SK Münster 2"]
[Site "Regionalliga Münsterland 2018"]
[Date "2018.11.10"]
[Round "3.8"]
[White "Bilecen, Simon"]
[Black "Emunds, Hans Georg"]
[Result "1/2-1/2"]
[WhiteElo "1700"]
[BlackElo "2064"]
[PlyCount "74"]
[EventDate "2018.??.??"]
[SourceDate "2018.09.09"]

1. d4 Nf6 2. Bf4 b6 3. e3 Bb7 4. Nf3 g6 5. Be2 Bg7 6. O-O O-O 7. Nbd2 d6 8. h3
Nbd7 9. c3 Re8 10. Qa4 e5 11. Bg5 a6 12. Rfd1 b5 13. Qa5 h6 14. Bxf6 Bxf6 15.
dxe5 Nxe5 16. Nxe5 Bxe5 17. Bf3 Qc8 18. Bxb7 Qxb7 19. Nf3 Bg7 20. Rd2 Re4 21.
Qa3 a5 22. Qb3 a4 23. Qc2 a3 24. Rb1 axb2 25. Rxb2 Rc4 26. Nd4 c6 27. Rb4 d5
28. Rxc4 bxc4 29. Qb2 Qxb2 30. Rxb2 Ra3 31. Rc2 Bxd4 32. exd4 f5 33. f4 Kf7 34.
Kf2 g5 35. Ke3 Kg6 36. g4 Ra7 37. Kf3 Ra3 1/2-1/2

[Event "SG Turm Raesfeld/Erle 1 - SK Bocholt 1"]
[Site "Regionalliga Münsterland 2018"]
[Date "2018.11.10"]
[Round "3.1"]
[White "Fuest, Martin"]
[Black "Wilger, Frank"]
[Result "1/2-1/2"]
[WhiteElo "2122"]
[BlackElo "2076"]
[PlyCount "120"]
[EventDate "2018.??.??"]
[SourceDate "2018.09.09"]

1. d4 d5 2. Nf3 Nf6 3. g3 g6 4. Bg2 Bg7 5. c4 c6 6. cxd5 cxd5 7. O-O O-O 8. Nc3
Nc6 9. Bf4 Nh5 10. Be3 e6 11. Rc1 Bd7 12. Qd2 Na5 13. b3 b5 14. Ne5 b4 15. Nxd7
Qxd7 16. Na4 Nc6 17. Nc5 Qd6 18. Bf3 Nf6 19. Bf4 Qe7 20. Bg5 h6 21. Be3 Nd7 22.
Rfd1 Kh7 23. Nxd7 Qxd7 24. Rc5 Rfc8 25. Rdc1 Bf8 26. R5c2 Bg7 27. h4 a5 28. Qd3
Ne7 29. Bd2 Rxc2 30. Rxc2 Rc8 31. e3 Rxc2 32. Qxc2 Qc6 33. Qd3 f5 34. h5 Nc8
35. hxg6+ Kxg6 36. Be2 Nd6 37. f3 Kf7 38. Kf2 Bf6 39. Qa6 Qxa6 40. Bxa6 e5 41.
dxe5 Bxe5 42. Bd3 Ke6 43. Kg2 h5 44. Kh3 Bf6 45. Be2 Kf7 46. Kg2 Ke6 47. Be1
Kf7 48. Bf2 Ke6 49. Kf1 d4 50. exd4 Kd5 51. f4 Bxd4 52. Be1 Bc3 53. Bxh5 Bxe1
54. Kxe1 Kd4 55. g4 Ke4 56. Bg6 Kxf4 57. gxf5 Nxf5 58. Kd2 Nd4 59. Kd3 Ke5 60.
Bh5 Kd5 1/2-1/2

[Event "SG Turm Raesfeld/Erle 1 - SK Bocholt 1"]
[Site "Regionalliga Münsterland 2018"]
[Date "2018.11.10"]
[Round "3.2"]
[White "Pollok, Ralf"]
[Black "Liesmann, Karsten"]
[Result "1-0"]
[WhiteElo "2037"]
[BlackElo "1998"]
[PlyCount "59"]
[EventDate "2018.??.??"]
[SourceDate "2018.09.09"]

1. d4 e6 2. e4 d5 3. Nd2 c5 4. c3 Nc6 5. Ngf3 Nf6 6. e5 Nd7 7. Bd3 cxd4 8. cxd4
f6 9. exf6 Nxf6 10. O-O Bd6 11. Nb3 O-O 12. Re1 Qc7 13. h3 Bd7 14. Bd2 Rae8 15.
Rc1 Qb8 16. Nc5 Bc8 17. Bb5 Re7 18. Bg5 Nd8 19. Ne5 Kh8 20. Ncd3 Rc7 21. Qe2 a6
22. Ba4 b5 23. Bb3 Qb6 24. Rxc7 Bxc7 25. Nc5 Ne4 26. Bxd8 Bxd8 27. Ned7 Bxd7
28. Nxd7 Qd6 29. Nxf8 Qxf8 30. Bc2 1-0

[Event "SG Turm Raesfeld/Erle 1 - SK Bocholt 1"]
[Site "Regionalliga Münsterland 2018"]
[Date "2018.11.10"]
[Round "3.3"]
[White "Hunhoff, Sebastian"]
[Black "Greifenberg, Daniel"]
[Result "0-1"]
[WhiteElo "1936"]
[BlackElo "2051"]
[PlyCount "66"]
[EventDate "2018.??.??"]
[SourceDate "2018.09.09"]

1. c4 b6 2. Nc3 Bb7 3. e4 e6 4. g3 Bb4 5. Nge2 f5 6. Bg2 Nf6 7. f3 c5 8. O-O
Nc6 9. d3 Qe7 10. a3 Bxc3 11. Nxc3 fxe4 12. dxe4 O-O-O 13. Bf4 d6 14. Nb5 e5
15. Bd2 Ba6 16. Qa4 Kb7 17. Bh3 h5 18. b4 Bxb5 19. Qxb5 Ne8 20. Qa4 Nc7 21. Qb3
Nd4 22. Qa2 Rdf8 23. Kg2 h4 24. a4 hxg3 25. hxg3 Nxf3 26. a5 bxa5 27. bxa5 Nxd2
28. a6+ Nxa6 29. Qxa6+ Ka8 30. Qc6+ Qb7 31. Rxf8+ Rxf8 32. Qxd6 Qxe4+ 33. Kg1
Qd4+ 0-1

[Event "SG Turm Raesfeld/Erle 1 - SK Bocholt 1"]
[Site "Regionalliga Münsterland 2018"]
[Date "2018.11.10"]
[Round "3.4"]
[White "Gesing, Felix"]
[Black "Naumann, Felix"]
[Result "1/2-1/2"]
[WhiteElo "1977"]
[BlackElo "1860"]
[PlyCount "80"]
[EventDate "2018.??.??"]
[SourceDate "2018.09.09"]

1. e4 c5 2. Nf3 d6 3. d3 Nf6 4. g3 g6 5. Bg2 Bg7 6. O-O Nc6 7. c3 O-O 8. Re1
Rb8 9. d4 e5 10. dxe5 dxe5 11. Qxd8 Rxd8 12. Bg5 Be6 13. Nbd2 h6 14. Bxf6 Bxf6
15. Bf1 Rd6 16. Nc4 Rd7 17. a4 Rbd8 18. a5 Bg7 19. Ne3 a6 20. Bc4 Bxc4 21. Nxc4
Rd3 22. Kg2 Kf8 23. Re2 R8d7 24. Nfd2 Rd8 25. Nb3 Nd4 26. cxd4 Rxb3 27. d5 Rd3
28. Rc1 Ke8 29. Nb6 Bf8 30. Rc3 Rd4 31. Rc4 Bd6 32. Rec2 Rd3 33. Na4 Rb3 34.
Nxc5 Rb5 35. f3 Ke7 36. Nd3 Rxa5 37. Kf2 Rb5 38. Ke2 f5 39. Rc8 fxe4 40. fxe4
Ra5 1/2-1/2

[Event "SG Turm Raesfeld/Erle 1 - SK Bocholt 1"]
[Site "Regionalliga Münsterland 2018"]
[Date "2018.11.10"]
[Round "3.5"]
[White "Steiner, Karl"]
[Black "Borutta, Niklas"]
[Result "1/2-1/2"]
[WhiteElo "1916"]
[BlackElo "2036"]
[PlyCount "84"]
[EventDate "2018.??.??"]
[SourceDate "2018.09.09"]

1. Nf3 Nf6 2. d4 g6 3. g3 Bg7 4. Bg2 O-O 5. O-O d5 6. b3 b6 7. Bb2 Bb7 8. c4 e6
9. e3 Nbd7 10. Nc3 c5 11. cxd5 Nxd5 12. Nxd5 Bxd5 13. Qe2 Qb8 14. Rfd1 Qb7 15.
Ne1 Bxg2 16. Nxg2 Rac8 17. Rac1 cxd4 18. Rxc8 Rxc8 19. Bxd4 e5 20. Bb2 Rc7 21.
e4 Bf8 22. f3 f6 23. Ne3 Bc5 24. Kg2 Bxe3 25. Qxe3 Rc2+ 26. Rd2 Qc6 27. Qd3
Rxd2+ 28. Qxd2 Nf8 29. Kf2 Ne6 30. Qc3 Qxc3 31. Bxc3 Kf7 32. Ke3 Ke7 33. f4 Kd6
34. fxe5+ fxe5 35. Bb4+ Nc5 36. Bc3 a5 37. h3 Nb7 38. Bb2 b5 39. Kf3 Nc5 40.
Ba3 b4 41. Bc1 Ne6 42. Ke2 Nc5 1/2-1/2

[Event "SG Turm Raesfeld/Erle 1 - SK Bocholt 1"]
[Site "Regionalliga Münsterland 2018"]
[Date "2018.11.10"]
[Round "3.6"]
[White "Bergemann, Martin"]
[Black "Hunhoff, Andreas"]
[Result "1/2-1/2"]
[WhiteElo "1926"]
[BlackElo "1793"]
[PlyCount "79"]
[EventDate "2018.??.??"]
[SourceDate "2018.09.09"]

1. d4 f5 2. Bg5 c6 3. Nc3 Qb6 4. Rb1 e6 5. e3 Be7 6. Bxe7 Nxe7 7. Bd3 d5 8. Nf3
Nd7 9. O-O Nf6 10. Ne5 Ng6 11. f4 Nxe5 12. fxe5 Ng4 13. Qe2 O-O 14. h3 Nh6 15.
b4 Qc7 16. Qh5 Bd7 17. Ne2 Qd8 18. Nf4 Qe7 19. c4 Rac8 20. c5 Be8 21. Qd1 b5
22. a4 a6 23. axb5 axb5 24. Ra1 Bf7 25. Ra6 Qh4 26. Qe1 Qxe1 27. Rxe1 g5 28.
Ne2 Bh5 29. Ra7 Bg6 30. Rea1 Rf7 31. Ra8 Rfc7 32. Nc3 f4 33. e4 Rxa8 34. Rxa8+
Kg7 35. Bb1 Nf7 36. exd5 exd5 37. Ba2 Bd3 38. Ra3 Bf5 39. Ra6 Nd8 40. Bxd5
1/2-1/2

[Event "SG Turm Raesfeld/Erle 1 - SK Bocholt 1"]
[Site "Regionalliga Münsterland 2018"]
[Date "2018.11.10"]
[Round "3.7"]
[White "Burike, Christian"]
[Black "Broemmel, Rudolf"]
[Result "0-1"]
[WhiteElo "1677"]
[BlackElo "1906"]
[PlyCount "68"]
[EventDate "2018.??.??"]
[SourceDate "2018.09.09"]

1. d4 Nc6 2. Nf3 d5 3. e3 g6 4. c3 Bg7 5. Bd3 e5 6. dxe5 Nxe5 7. Nxe5 Bxe5 8.
Nd2 Ne7 9. Nf3 Bg7 10. O-O O-O 11. e4 h6 12. Bf4 c6 13. Re1 a5 14. Qc2 Bg4 15.
Ne5 Be6 16. Rad1 Qc8 17. h3 a4 18. a3 dxe4 19. Bxe4 Bb3 20. Qb1 Bxd1 21. Qxd1
Rd8 22. Qf3 Qe6 23. Bc2 Nd5 24. Bg3 Re8 25. Re4 f5 26. Re1 Qf6 27. Rd1 Rxe5 28.
Bxe5 Qxe5 29. Bd3 Nf6 30. g4 fxg4 31. hxg4 Qg5 32. Bc4+ Kh7 33. Rd4 Re8 34. Qg3
Ne4 0-1

[Event "SG Turm Raesfeld/Erle 1 - SK Bocholt 1"]
[Site "Regionalliga Münsterland 2018"]
[Date "2018.11.10"]
[Round "3.8"]
[White "Boelker, Franz"]
[Black "Wuestnienhaus, Andreas"]
[Result "1-0"]
[WhiteElo "1785"]
[BlackElo "1843"]
[PlyCount "76"]
[EventDate "2018.??.??"]
[SourceDate "2018.09.09"]

1. d4 d5 2. c4 c6 3. cxd5 cxd5 4. Nc3 e6 5. Nf3 Nc6 6. h3 Nf6 7. Bf4 a6 8. e3
Bd7 9. Bd3 b5 10. O-O Be7 11. Rc1 O-O 12. Ne5 Rc8 13. Qe2 Na5 14. Nb1 Qb6 15.
Bg5 Qb7 16. b3 Nc6 17. Qb2 b4 18. Qe2 Nb8 19. Nxd7 Qxd7 20. Bxa6 Rc7 21. Bb5
Qc8 22. Qe1 Qb7 23. Rxc7 Qxc7 24. Bd3 Qa5 25. Qe2 Rc8 26. Qb2 h6 27. Bf4 Nbd7
28. Re1 Ne4 29. Bxe4 dxe4 30. Re2 Nb6 31. Rc2 Qa8 32. Nd2 f5 33. Qc1 Rxc2 34.
Qxc2 Nd5 35. Nb1 Nxf4 36. exf4 Qa7 37. Qd2 Qd7 38. Kf1 Bc5 1-0